History Quiz

Random History or Letter Quiz

Famous Nicknames A-Z Quiz Stats

 Plays Quiz Updated Nov 17, 2016

Challenge
Share
Tweet
Embed
Score 0/24 Timer 04:00
5 Plays Today
Nickname Person % Correct
The People's PrincessDiana, Princess of Wales
93.6%
The King of PopMichael Jackson
89.5%
The TerribleIvan IV
87.4%
The Iron LadyMargaret Thatcher
86.4%
The GreatestMuhammad Ali
81.1%
The ConquerorWilliam I
73.9%
The First Lady of Civil RightsRosa Parks
69.8%
The Master of SuspenseAlfred Hitchcock
66.7%
The Grandmother of EuropeVictoria
63.7%
The Great BambinoGeorge Herman Ruth
62.8%
The Bloody CzarNicholas II
60%
The Father of the Atom BombJ. Robert Oppenheimer
59.2%
Nickname Person % Correct
The Wizard of Menlo ParkThomas Edison
54%
The Czar (or Czar Boris)Boris Yeltsin
53.5%
The Sun KingLouis XIV
48.7%
The GreatXerxes
40.6%
The Man of a Thousand VoicesMel Blanc
37.3%
The Waltz KingJohann Strauss II
34.7%
The Teflon DonJohn Gotti
32.9%
The People's TycoonHenry Ford
26.1%
The Golden ArmJohnny Unitas
21.2%
The Brockton BomberRocky Marciano
13.5%
The Comeback KidBill Clinton
12%
The GeneralBob Knight
7.6%

You're not logged in!

Compare scores with friends on all Sporcle quizzes.
OR
Log In

You Might Also Like...

Show Comments

Extras

Top Quizzes Today


Score Distribution

Your Account Isn't Verified!

In order to create a playlist on Sporcle, you need to verify the email address you used during registration. Go to your Sporcle Settings to finish the process.

Report this User

Report this user for behavior that violates our Community Guidelines.

Details: